[Event "CYP-ch op"]
[Site "Nikosia"]
[Date "2021.06.11"]
[Round "1"]
[White "Vasiliou, Charis"]
[Black "Georgiou, Kyriakos"]
[Result "0-1"]
[WhiteElo "1099"]
[BlackElo "1306"]
[PlyCount "110"]
[EventDate "2021.06.11"]
[EventType "swiss"]
[EventRounds "7"]
[EventCountry "CYP"]
[SourceTitle "EXT 2023"]
[Source "ChessBase"]
[SourceDate "2022.10.05"]
[SourceVersion "1"]
[SourceVersionDate "2022.10.05"]
[SourceQuality "1"]

1. e4 e5 2. Bc4 Nf6 3. Nc3 Nc6 4. Nf3 Be7 5. 0-0 0-0 6. d3 Na5 7. Nxe5 d6 8. b4 dxe5 9. bxa5 Qd4 10. Bd2 Bb4 11. Qe1 Bxa5 12. Ne2 Bxd2 13. Qxd2 Qd6 14. Nc3 c6 15. Rad1 b5 16. Bb3 a5 17. a4 b4 18. Ne2 c5 19. c3 Bb7 20. f3 Rfd8 21. Ng3 Ba6 22. cxb4 cxb4 23. Qe3 Rac8 24. Bc4 Bxc4 25. dxc4 Qc6 26. Qg5 h6 27. Rxd8+ Rxd8 28. Qxe5 Qxa4 29. Nf5 b3 30. Ne7+ Kf8 31. Qc7 Rd7 32. Qc8+ Kxe7 33. Qc5+ Ke8 34. Qc8+ Rd8 35. Qc5 b2 36. Qe5+ Kf8 37. Qxb2 Qxc4 38. Qb6 Qd4+ 39. Qxd4 Rxd4 40. e5 Nh5 41. g4 Nf4 42. Rc1 Ne2+ 43. Kf2 Nxc1 44. Ke3 Rd8 45. Ke4 a4 46. Kf5 a3 47. g5 a2 48. gxh6 gxh6 49. Ke4 a1Q 50. Kf5 Kg7 51. f4 Qb1+ 52. Kg4 Nd3 53. f5 Qf1 54. e6 Rd4+ 55. Kh5 Qh3# 0-1

[Event "EU-ch Online U16"]
[Site "Tornelo INT"]
[Date "2020.09.20"]
[Round "9"]
[White "Georgiou, Kyriakos"]
[Black "Lahs, Einars"]
[Result "0-1"]
[WhiteElo "1348"]
[BlackElo "1540"]
[PlyCount "142"]
[EventDate "2020.09.18"]
[EventType "swiss (rapid)"]
[EventRounds "9"]
[EventCountry "NET"]
[SourceTitle "EXT 2023"]
[Source "ChessBase"]
[SourceDate "2022.10.05"]
[SourceVersion "1"]
[SourceVersionDate "2022.10.05"]
[SourceQuality "1"]
[WhiteTeam "Zypern"]
[BlackTeam "Latvia"]
[WhiteTeamCountry "CYP"]
[BlackTeamCountry "LAT"]

1. c4 Nf6 2. d4 e6 3. Nc3 Bb4 4. Nf3 Nc6 5. e3 d6 6. Bd3 0-0 7. 0-0 e5 8. Ne4 a6 9. a3 Ba5 10. b4 Bb6 11. d5 Nxe4 12. dxc6 Nf6 13. cxb7 Bxb7 14. Be2 a5 15. Bb2 Nd7 16. Qc2 Qe7 17. Rfd1 axb4 18. axb4 Ra7 19. Qc3 Re8 20. h3 h6 21. Rxa7 Bxa7 22. Ba3 Nf6 23. Nd2 Ne4 24. Nxe4 Bxe4 25. Bd3 Bb7 26. Bb2 Qg5 27. Bf1 Re6 28. Qd3 Rg6 29. e4 Qh4 30. Rd2 Bxe4 31. Qa3 Bb6 32. c5 Ba7 33. f3 Bc6 34. Qxa7 Qxh3 35. cxd6 cxd6 36. b5 Bxf3 37. Qf2 Bb7 38. Rd3 Qh5 39. Rh3 Qxh3 40. Bc1 Qf3 41. Be3 Qxf2+ 42. Kxf2 Rf6+ 43. Ke2 d5 44. Ke1 Rg6 45. Bd2 Re6 46. Ba5 Kf8 47. b6 Ke8 48. Bb5+ Kd8 49. Ba6 Kc8 50. Bb5 Bc6 51. Ba6+ Bb7 52. Bb5 Rg6 53. Kf2 d4 54. g3 Rf6+ 55. Ke2 Rg6 56. Kf2 Rf6+ 57. Ke2 Rf3 58. Be1 Rb3 59. Bc4 Rxb6 60. Bxf7 e4 61. Ba5 Rb2+ 62. Kd1 d3 63. Be6+ Kb8 64. Bc3 Rg2 65. Bxg7 e3 66. Bc3 Rg1+ 67. Be1 Bf3+ 68. Kc1 d2+ 69. Kc2 d1Q+ 70. Kc3 Qxe1+ 71. Kd4 Rxg3 0-1

[Event "EU-ch Online U16"]
[Site "Tornelo INT"]
[Date "2020.09.19"]
[Round "5"]
[White "Popov, Gennadios"]
[Black "Georgiou, Kyriakos"]
[Result "1-0"]
[WhiteElo "1523"]
[BlackElo "1348"]
[PlyCount "69"]
[EventDate "2020.09.18"]
[EventType "swiss (rapid)"]
[EventRounds "9"]
[EventCountry "NET"]
[SourceTitle "EXT 2023"]
[Source "ChessBase"]
[SourceDate "2022.10.05"]
[SourceVersion "1"]
[SourceVersionDate "2022.10.05"]
[SourceQuality "1"]
[WhiteTeam "Zypern"]
[BlackTeam "Zypern"]
[WhiteTeamCountry "CYP"]
[BlackTeamCountry "CYP"]

1. d4 d5 2. Bf4 Nf6 3. Nf3 c5 4. e3 Nc6 5. c3 e6 6. Nbd2 b6 7. Bd3 Bd6 8. Bg3 0-0 9. 0-0 Bb7 10. e4 Bxg3 11. hxg3 Qc7 12. exd5 exd5 13. Re1 Rfe8 14. Qc2 Qd6 15. Nf1 cxd4 16. Nxd4 Rac8 17. Nxc6 Qxc6 18. Qd2 d4 19. f3 dxc3 20. Rxe8+ Rxe8 21. Qxc3 Qd5 22. Bc4 Qc5+ 23. Kh1 Re5 24. Rd1 g6 25. g4 Qc6 26. Qxe5 Qxc4 27. Qxf6 Qc5 28. Rd8+ Qf8 29. Rxf8+ Kxf8 30. Qd6+ Kg7 31. g5 h6 32. Qf6+ Kh7 33. Qxf7+ Kh8 34. gxh6 Bd5 35. Qg7# 1-0

[Event "Lympia Cyprus-ch op"]
[Site "Lympia"]
[Date "2020.01.06"]
[Round "1"]
[White "Georgiou, Kyriakos"]
[Black "Savva, Panikos"]
[Result "0-1"]
[WhiteElo "1323"]
[BlackElo "2043"]
[PlyCount "76"]
[EventDate "2020.01.05"]
[EventType "swiss"]
[EventRounds "9"]
[EventCountry "CYP"]
[SourceTitle "CBM 194 Extra"]
[Source "ChessBase"]
[SourceDate "2020.03.31"]
[SourceVersion "1"]
[SourceVersionDate "2020.03.31"]
[SourceQuality "1"]

1. c4 e5 2. Nc3 Nf6 3. g3 Nc6 4. Bg2 Bb4 5. Nf3 0-0 6. 0-0 Re8 7. d3 h6 8. Bd2 Bf8 9. Re1 d6 10. Rb1 a5 11. a3 d5 12. cxd5 Nxd5 13. e4 Nf6 14. Be3 Ng4 15. Bc1 Bc5 16. Re2 Nd4 17. Nxd4 Qxd4 18. Be3 Nxe3 19. fxe3 Qd8 20. Kh1 Bg4 21. Qf1 Bxe2 22. Qxe2 c6 23. Rf1 Qg5 24. Nd1 Re6 25. Bf3 Rf6 26. Kg2 Rd6 27. h4 Qe7 28. Qc2 Rf6 29. Qc3 b5 30. d4 Bb6 31. dxe5 Re6 32. Bg4 Rxe5 33. Qxc6 Rb8 34. Nc3 Rc5 35. Nd5 Qxe4+ 36. Bf3 Qc2+ 37. Rf2 Rxc6 38. Nf6+ gxf6 0-1